System software (Record no. 137226)

000 -LEADER
fixed length control field 00327nam a2200121Ia 4500
008 - FIXED-LENGTH DATA ELEMENTS--GENERAL INFORMATION
fixed length control field 220120s9999||||xx |||||||||||||| ||und||
020 ## - INTERNATIONAL STANDARD BOOK NUMBER
International Standard Book Number 81-7808-036-2
100 ## - MAIN ENTRY--PERSONAL NAME
Personal name Leland, Beck L
9 (RLIN) 11795
245 #0 - TITLE STATEMENT
Title System software
260 ## - PUBLICATION, DISTRIBUTION, ETC.
Place of publication, distribution, etc. Pearson education of asia
Name of publisher, distributor, etc. Pune
Date of publication, distribution, etc. 2007
300 ## - PHYSICAL DESCRIPTION
Other physical details 285
650 ## - SUBJECT ADDED ENTRY--TOPICAL TERM
Topical term or geographic name entry element SOFTWARE ENGINEERING
9 (RLIN) 1072
Holdings
Withdrawn status Lost status Damaged status Not for loan Collection code Home library Current library Date acquired Total Checkouts Total Renewals Barcode Date last seen Date last checked out Price effective from Koha item type
        Computer Science and Engineering Central Library Central Library 01/20/2022 2 1 GF1085 07/12/2023 04/25/2023 01/20/2022 Gift Books

Powered by Koha